Central Library OPAC University of Rajshahi

Measuring the Level of Knowledge and Awareness of Tobacco Use in Bangladesh / (Record no. 80277)

MARC details
000 -LEADER
fixed length control field 01034nam a2200265 a 4500
001 - CONTROL NUMBER
RUCL Control Number 80277
003 - CONTROL NUMBER IDENTIFIER
rucl marc code BD-RjUL
005 - DATE AND TIME OF LATEST TRANSACTION
control field 20230822111816.0
008 - FIXED-LENGTH DATA ELEMENTS--GENERAL INFORMATION
fixed length control field 220901s2016 bg a|||| m||| 00| 0 eng d
035 ## - SYSTEM CONTROL NUMBER
system control number (BD-RjUL)80277
040 ## - CATALOGING SOURCE
Original cataloging agency BD-RjUL
Language of cataloging eng
Transcribing agency BD-RjUL
Modifying agency BD-RjUL
041 ## - LANGUAGE CODE
Language code of Book eng
082 ## - DEWEY DECIMAL CLASSIFICATION NUMBER
DDC Edition number 23
Classification number 362.2965492
Author mark and Year RAM 2016
100 ## - MAIN ENTRY--PERSONAL NAME
Personal name Rahman, Md. Tahidur
9 (RLIN) 4587
245 10 - TITLE STATEMENT
Title Measuring the Level of Knowledge and Awareness of Tobacco Use in Bangladesh /
Statement of responsibility, etc Md. Tahidur Rahman ;
Name of Supervisor/Co-Supervisor Supervisor : Dulal Chandra Roy, Co-Supervisor : Papia Sultana
260 ## - PUBLICATION, DISTRIBUTION, ETC. (IMPRINT)
Place of publication, distribution, etc Rajshahi :
Name of publisher, distributor, etc Department of Statistics, University Of Rajshahi,
Date of publication, distribution, etc 2016
300 ## - PHYSICAL DESCRIPTION
Pagination [6], xi, 250 leaves :
Other physical details ill.;
Dimensions 29 cm.
502 ## - DISSERTATION NOTE
Dissertation note Thesis (M.Phil.) -- Department of Statistics, University of Rajshahi,2016
504 ## - BIBLIOGRAPHY, ETC. NOTE
Bibliography, etc Reference : Leaves 234-249
650 ## - SUBJECT ADDED ENTRY--TOPICAL TERM
Topical term or geographic name as entry element Social Problems
Geographic subdivision Bangladesh
9 (RLIN) 4588
Topical term or geographic name as entry element Tobacco Use
Geographic subdivision Bangladesh
9 (RLIN) 4589
700 ## - ADDED ENTRY--SUPERVISOR/CO-SUPERVISOR NAME
Personal name Roy, Dulal Chandra, Supervisor
9 (RLIN) 4590
Personal name Sultana, Papia, Co-Supervisor
9 (RLIN) 4591
942 ## - ADDED ENTRY ELEMENTS (KOHA)
Source of classification or shelving scheme Dewey Decimal Classification
Koha item type Theses
Holdings
Source of classification or shelving scheme Damaged status Not for loan Collection code Permanent Location Current Location Shelving location Date of accession Source of acquisition Total Checkouts Full call number Barcode Date last seen Copy number Thesis
Dewey Decimal Classification   Not For Loan Theses Central Library, University of Rajshahi Central Library, University of Rajshahi Documentation Section 01/01/2018 Controller of Exam. R.U.   THE 362.2965492 RAM 2016 D4083 01/09/2022 C-1 Theses